<?xml version="1.0" encoding="UTF-8"?>
<record
    xmlns:xsi="http://www.w3.org/2001/XMLSchema-instance"
    xsi:schemaLocation="http://www.loc.gov/MARC21/slim http://www.loc.gov/standards/marcxml/schema/MARC21slim.xsd"
    xmlns="http://www.loc.gov/MARC21/slim">

  <leader>00741nam a22002057a 4500</leader>
  <datafield tag="999" ind1=" " ind2=" ">
    <subfield code="c">20630</subfield>
    <subfield code="d">20630</subfield>
  </datafield>
  <controlfield tag="005">20200221093618.0</controlfield>
  <controlfield tag="008">191209b        xxu||||| |||| 00| 0 spa d</controlfield>
  <datafield tag="040" ind1=" " ind2=" ">
    <subfield code="a">CO-BoIAVH </subfield>
    <subfield code="c">CO-BoIAVH </subfield>
  </datafield>
  <datafield tag="041" ind1=" " ind2=" ">
    <subfield code="a">spa</subfield>
  </datafield>
  <datafield tag="044" ind1=" " ind2=" ">
    <subfield code="a">ck</subfield>
  </datafield>
  <datafield tag="110" ind1=" " ind2=" ">
    <subfield code="a">Corporaci&#xF3;n Suna Hisca</subfield>
  </datafield>
  <datafield tag="245" ind1=" " ind2=" ">
    <subfield code="a">Los cerros orientales de Bogot&#xE1;:</subfield>
    <subfield code="b">Restauraci&#xF3;n en los predios de la empresa de acueducto de Bogot&#xE1; reserva forestal protectora bosque oriental microcuenca r&#xED;o san francisco.</subfield>
  </datafield>
  <datafield tag="260" ind1=" " ind2=" ">
    <subfield code="a">:</subfield>
    <subfield code="b">,</subfield>
    <subfield code="c">.</subfield>
  </datafield>
  <datafield tag="300" ind1=" " ind2=" ">
    <subfield code="a">4 folletos plegable:</subfield>
    <subfield code="b">fotograf&#xED;as,</subfield>
    <subfield code="c">19 x 24 cm.</subfield>
  </datafield>
  <datafield tag="650" ind1=" " ind2="0">
    <subfield code="a">Reserva forestal</subfield>
  </datafield>
  <datafield tag="650" ind1=" " ind2="0">
    <subfield code="a">Cerros orientales</subfield>
  </datafield>
  <datafield tag="650" ind1=" " ind2="0">
    <subfield code="a">Microcuenca</subfield>
    <subfield code="v">r&#xED;o</subfield>
    <subfield code="z">San francisco</subfield>
  </datafield>
  <datafield tag="650" ind1=" " ind2="0">
    <subfield code="a">Predios</subfield>
  </datafield>
  <datafield tag="942" ind1=" " ind2=" ">
    <subfield code="2">ddc</subfield>
    <subfield code="c">Folleto</subfield>
  </datafield>
  <datafield tag="952" ind1=" " ind2=" ">
    <subfield code="0">0</subfield>
    <subfield code="1">0</subfield>
    <subfield code="2">ddc</subfield>
    <subfield code="4">0</subfield>
    <subfield code="7">0</subfield>
    <subfield code="8">HEMEROTECA</subfield>
    <subfield code="a">Bogota</subfield>
    <subfield code="b">Bogota</subfield>
    <subfield code="d">2019-12-09</subfield>
    <subfield code="l">0</subfield>
    <subfield code="o">FG-0483</subfield>
    <subfield code="p">043868</subfield>
    <subfield code="r">2019-12-09 00:00:00</subfield>
    <subfield code="t">Ej.1</subfield>
    <subfield code="w">2019-12-09</subfield>
    <subfield code="x">Canje</subfield>
    <subfield code="y">Folleto</subfield>
    <subfield code="z">Incluye 4 folletos plegables: (CID-044225, CID-044224, CID-04223, CID-04222)</subfield>
  </datafield>
</record>
